Die Vorgabe einer Abstimmungsregel für Grenien als Entscheidungsproblem Inaugural - Dissertation

Salvato in:
Dettagli Bibliografici
Autore principale: Meyer, Roswitha
Natura: Libro
Lingua:tedesco
Pubblicazione: Frankfurt am Main Johann Wolfgang Goethe - Universität 1983
Tags: Aggiungi Tag
Nessun Tag, puoi essere il primo ad aggiungerne!!

MARC

LEADER 00000nam a2200000 4500
001 c133215
005 20041019155257.5
041 0 |a ger 
044 |a DE 
245 1 0 |a Die Vorgabe einer Abstimmungsregel für Grenien als Entscheidungsproblem  |b Inaugural - Dissertation  |c Roswitha Meyer 
264 1 |a Frankfurt am Main  |b Johann Wolfgang Goethe - Universität  |c 1983 
300 |a 145 s. 
100 1 |a Meyer, Roswitha